=LDR 00000nam 2200000 4500 =001 INLIS000000000026078 =005 20130612124536 =008 ***********************************Ind** =035 ##$$a0010-061300000026078 =041 ##$$a Ind =082 ##$$a 302.205 =090 ##$$a 302.205, Bar t =100 ##$$a Bari, M. Habib =245 ##$$a Teknik dan komunikasi oenyiar televisi-radio0MC, sebuah pengetahuan praktis, M. Habib Bari =260 ##$$a 1995 $b Jakarta =300 ##$$a 161 hlm, ilus, 21 cm =650 ##$$a Komunikasi =850 ##$$a NBPNMAT =990 ##$$a 0001/BPAP-NTB/20142014